La paga de los soldados / (Registro nro. 7145)

Detalles MARC
000 -LEADER
fixed length control field 00787nam a22002297a 4500
003 - CONTROL NUMBER IDENTIFIER
control field OSt
005 - DATE AND TIME OF LATEST TRANSACTION
control field 20250414123203.0
008 - FIXED-LENGTH DATA ELEMENTS--GENERAL INFORMATION
fixed length control field 210210s1959 ck ||||gr|||| 00| 0 spa d
040 ## - CATALOGING SOURCE
Original cataloging agency CO-JMCR
Transcribing agency CO-JMCR
041 0# - LANGUAGE CODE
Language code of text/sound track or separate title spa
082 04 - DEWEY DECIMAL CLASSIFICATION NUMBER
Classification number A-N
Item number FAUp
Edition number 23
100 1# - MAIN ENTRY--PERSONAL NAME
Personal name Faulkner, William,
Relator term autor
9 (RLIN) 13230
245 13 - TITLE STATEMENT
Title La paga de los soldados /
Statement of responsibility, etc. William Faulkner
260 ## - PUBLICATION, DISTRIBUTION, ETC.
Place of publication, distribution, etc. Barcelona :
Name of publisher, distributor, etc. Luis de Caralt,
Date of publication, distribution, etc. 1959
300 ## - PHYSICAL DESCRIPTION
Extent 303 páginas ;
Dimensions 20 cm.
490 ## - SERIES STATEMENT
Series statement Colección gigante
520 0# - SUMMARY, ETC.
Summary, etc. Dos personas que encuentran a Donald Mahon en un tren lo ayudan a regresar a casa de la Primera Guerra Mundial con el rostro mutilado y poca memoria: novelista.
650 14 - SUBJECT ADDED ENTRY--TOPICAL TERM
Topical term or geographic name entry element Veteranos
9 (RLIN) 13231
650 14 - SUBJECT ADDED ENTRY--TOPICAL TERM
Topical term or geographic name entry element Veteranos discapacitados
9 (RLIN) 13232
650 14 - SUBJECT ADDED ENTRY--TOPICAL TERM
Topical term or geographic name entry element Soldados
9 (RLIN) 13233
942 ## - ADDED ENTRY ELEMENTS (KOHA)
Source of classification or shelving scheme Dewey Decimal Classification
Koha item type Books
Existencias
Withdrawn status Lost status Source of classification or shelving scheme Damaged status Not for loan Home library Current library Shelving location Date acquired Source of acquisition Total Checkouts Full call number Barcode Date last seen Date last checked out Copy number Price effective from Koha item type Public note
    Dewey Decimal Classification     Biblioteca Pública José María del Castillo y Rada Biblioteca Pública José María del Castillo y Rada General Stacks 10/02/2020 Donación 2 A-N FAUp 201810421 10/21/2024 10/09/2024 Ej.1 10/02/2020 Books Rayadura con lapicero azul en la primera hoja y en la página 29